Geography of Colombia - Statistics

General Stats
  • This quiz has been taken 625 times
  • The average score is 13 of 20
Answer Stats
Question Answer % Correct
What is the official language of Colombia? Spanish
98%
What is the capital of Colombia? Bogotá
97%
What major sea does Colombia border to its north? Caribbean Sea
94%
From what historical figure has Colombia earned its name? Christopher Columbus
92%
What major mountain range covers western and northern Colombia? Andes
91%
Pablo Escobar was the drug lord of what major Colombian city? Medellín
89%
What type of exercise fitness program, starting with Z, is created in Colombia? Zumba
81%
The above forms most of the Colombian border with which country? Peru
75%
What is the top agricultural export of Colombia? Coffee
73%
The cartel of what city was founded by brothers Gilberto and Miguel Orejuela? Cali
70%
What is the most populous Colombian city that overlooks the above? Barranquilla
66%
What swampy region between Colombia and Panama has no roads going through it? {Darién} Gap
66%
In what mountain range can the above be found? (Hint: There is a range in western U.S. with similar name) Sierra {Nevada} de Santa Marta
66%
What is world's largest flying bird by combined measurement of weight and wingspan? Andean Condor
65%
What coastal city in Colombia was the main port for trade between Spain and its overseas empire during colonial eras? Cartagena
61%
What Colombian island is the most densely populated island in the world? (Hint: There are many places with this name; including Bolivia's biggest city) {Santa} {Cruz} del Islote
47%
What is Colombia's longest river? {Magdalena} River
31%
What is the tallest mountain in Colombia? {Cristóbal} Colón
25%
What is the name of the northernmost point on the mainland of South America? Punta {Gallinas}
15%
What is the longest tributary of the Amazon River that runs through Colombia? {Putumayo} River
13%
No matching quizzes found
Score Distribution
Percent of People with Each Score
Percentile by Number Answered
Your Score History
You have not taken this quiz